000 00491nam a22001817a 4500
003 CEME
005 20210628205946.0
008 210209b xxu||||| |||| 00| 0 eng d
020 _a0-471-52850-1
040 _c.
082 _a621.38132 GAR
100 _aGardiol, Fred
_977669
245 _aMicrostrip circuits
260 _aNEWYORK
_bJOHN WILEY
_c1994
300 _a300P
650 _aMICROWAVE CIRCUITS STRIP TRANSMISSION LINES MICROWAVE INTEGRATED CIRCUITS
_977670
942 _cBK
_2ddc
999 _c582895
_d582895